Marketing and Smart Technologies Proceedings of ICMarkTech 2023
Saved in:
| Corporate Author: | |
|---|---|
| Format: | Book |
| Language: | English |
| Published: |
Singapore
Springer
2025
|
| Edition: | 1st Edition |
| Subjects: | |
| Tags: |
No Tags, Be the first to tag this record!
|
MARC
| LEADER | 00000nam a2200000 4500 | ||
|---|---|---|---|
| 001 | 0308218 | ||
| 005 | 20250423080158.3 | ||
| 020 | |a 978-981-97-3697-3 | ||
| 041 | 0 | |a eng | |
| 044 | |a SG | ||
| 245 | 1 | 0 | |a Marketing and Smart Technologies |b Proceedings of ICMarkTech 2023 |
| 250 | |a 1st Edition | ||
| 264 | 1 | |a Singapore |b Springer |c 2025 | |
| 300 | |a 861 s. | ||
| 610 | 2 | 0 | |a marketing |
| 610 | 2 | 0 | |a marketing elektronický |
| 610 | 2 | 0 | |a technológie inteligentné |
| 610 | 2 | 0 | |a spracovanie dát |
| 610 | 2 | 0 | |a koronavírus |
| 610 | 2 | 0 | |a komunikácia marketingová |
| 610 | 2 | 0 | |a médiá sociálne |
| 610 | 2 | 0 | |a realita virtuálna |
| 610 | 2 | 0 | |a obchod elektronický |
| 610 | 2 | 0 | |a internet |
| 110 | 2 | |a Marketing and Smart Technologies. International Conference | |